00741nam a22002297a 4500003000500000005001700005008004100022010000900063011000900072035000900081040000900090082001500099100007800114245007400192260003800266300001900304490005300323500001200376650004400388650002600432830005300458CHAP20220329133212.0971013s1984 r 00010 d a3305 a4277 a3479 cCHAP a664.1bG7800aGrupo de Países Latinoamericanos y del Caribe Exportadores de Azúcar. aEnsayos no destructivos y nuevos materiales en la industria azucarera aMéxico, D.F. :bEl Grupo,c1984 a143 p.b: ilus aCol. GEPLACEA. Serie: Mantenimiento industrial 3 aD49-11914aAzúcarxFabricación y refinación.14aAzúcarxMaquinaria.0 aCol. GEPLACEA. Serie: Mantenimiento industrial 3